| Tag |
First Indicator |
Second Indicator |
Subfields |
| LEADER |
00000cam a2200000 i 4500 |
| 001 |
in00001010807 |
| 005 |
20150927220156.0 |
| 008 |
760622s1971 onc 00011 eng d |
| 020 |
|
|
|a 0771091206
|
| 035 |
|
|
|a (OCoLC)02274710
|
| 035 |
|
|
|9 AFD6922AM
|
| 040 |
|
|
|a EEM
|c EEM
|d OCL
|d TXA
|d UtOrBLW
|
| 049 |
|
|
|a TXAM
|
| 090 |
|
|
|a PR6005.O69
|b I5 1971
|
| 100 |
1 |
|
|a Duncan, Sara Jeannette,
|d 1861-1922.
|
| 245 |
1 |
4 |
|a The imperialist /
|c Sara Jeannette Duncan ; introduction, Claude Bissell ; general editor, Malcolm Ross.
|
| 264 |
|
1 |
|a Toronto :
|b McClelland and Stewart,
|c [1971]
|
| 264 |
|
4 |
|c ©1971
|
| 300 |
|
|
|a 269 pages ;
|c 19 cm.
|
| 336 |
|
|
|a text
|b txt
|2 rdacontent
|
| 337 |
|
|
|a unmediated
|b n
|2 rdamedia
|
| 338 |
|
|
|a volume
|b nc
|2 rdacarrier
|
| 490 |
1 |
|
|a New Canadian Library ;
|v no. 20
|
| 830 |
|
0 |
|a New Canadian library ;
|v no. 20.
|
| 999 |
|
|
|a MARS
|
| 999 |
f |
f |
|s 72ed7ed3-0a36-3a4a-8a3b-dc4767c2559c
|i 40273288-28d7-3a64-a957-21c95bd9dca5
|t 0
|
| 952 |
f |
f |
|p normal
|a Texas A&M University
|b College Station
|c Sterling C. Evans Library
|d Evans: Library Stacks
|t 0
|e PR6005.O69 I5 1971
|h Library of Congress classification
|i unmediated -- volume
|m A14814751270
|
| 998 |
f |
f |
|a PR6005.O69 I5 1971
|t 0
|l Evans: Library Stacks
|